[Event "POL-chT U20 2nd League"]
[Site "Sypniewo"]
[Date "2025.06.19"]
[Round "2.73"]
[White "Oberc, Szymon"]
[Black "Herka, Jakub"]
[Result "1-0"]
[WhiteElo "1932"]
[BlackElo "1856"]
[PlyCount "135"]
[EventDate "2025.06.18"]
[EventType "team-swiss"]
[EventRounds "9"]
[EventCountry "POL"]
[SourceTitle "CB27_2025"]
[SourceDate "2025.07.02"]
[SourceVersion "1"]
[SourceVersionDate "2025.07.02"]
[SourceQuality "1"]
[WhiteTeam "Krosno Urania"]
[BlackTeam "Krakow Dwie Wieze"]
[WhiteTeamCountry "POL"]
[BlackTeamCountry "POL"]

1. e4 c6 2. d4 d5 3. e5 Bf5 4. h4 h5 5. Bd3 Bxd3 6. Qxd3 Qa5+ 7. Bd2 Qa6 8. e6 Qxd3 9. exf7+ Kxf7 10. cxd3 Nd7 11. Nf3 e6 12. 0-0 Be7 13. Nc3 Nh6 14. Ne2 Nf5 15. g3 Bf6 16. Bc3 c5 17. dxc5 Nxc5 18. Bxf6 gxf6 19. d4 Nd3 20. Rfd1 Nb4 21. Rac1 Rac8 22. a3 Nc6 23. Nf4 Nd6 24. Re1 Rce8 25. Rc2 Re7 26. Rce2 Rhe8 27. Kg2 Nf5 28. Rd2 Rh8 29. Kf1 Nd6 30. Rde2 Ne4 31. Nd2 Nxd2+ 32. Rxd2 a6 33. b4 Na7 34. a4 Nc6 35. b5 Na5 36. Rde2 Rhe8 37. Nxh5 e5 38. Rd1 Rd8 39. bxa6 bxa6 40. Rc2 Nb3 41. dxe5 fxe5 42. Rb2 Nc5 43. a5 d4 44. Rc2 Ne4 45. f3 Nd6 46. g4 Nb5 47. Ng3 d3 48. Rcc1 Red7 49. Ne4 Rd4 50. Rc6 d2 51. Rc2 Rd3 52. Kg2 Ra3 53. Rcxd2 Rxd2+ 54. Rxd2 Rxa5 55. h5 Nd4 56. Rd3 Ra2+ 57. Nf2 Ne2 58. Rb3 Nf4+ 59. Kg3 a5 60. Rb5 Ke6 61. h6 Ne2+ 62. Kh4 Nf4 63. Ne4 Kf7 64. Ng5+ Kf8 65. Ne4 a4 66. Kg5 a3 67. Kf6 Rb2 68. h7 1-0